| 000 | 00368pab a2200145 454500 | ||
|---|---|---|---|
| 008 | 180718b1987 xxu||||| |||| 00| 0 eng d | ||
| 100 | _aJeffrey, Robin | ||
| 245 |
_aGovernments and culture _bHow women made Kerala Literate |
||
| 260 | _c1987 | ||
| 300 | _a447-72 | ||
| 362 | _aFall | ||
| 650 | _aWomen - India - Kerala | ||
| 773 | _aPacific Affairs | ||
| 909 | _a21048 | ||
| 999 |
_c21048 _d21048 |
||